• 首页
  • 本馆介绍
  • 公告通知
  • 最新文献
  • 馆藏检索
  • 电子资源
  • 读者导购
  • 参考咨询
  • 我的图书馆
  • 登录
  • 详细信息显示
  • 放入我的书架
  • 预约/预借图书
  • 作者相关作品
  • 分类相关作品
  • 丛书相关作品
  • 出版社相关作品

书目信息

  • 表格格式
  • 工作单格式
  • 卡片格式
书名: How to solve general chemistry problems
作者:
分册号:
分册名:
出版地: Englewood Cliffs, N.J. :
 
出版社: Prentice-Hall
出版时间: c1987.
页数: x, 292 p. :
开本: 23 cm.
丛书名:
中图分类号:
科图分类号:
其他分类号: O6-44
主题词:
电子资源:
000 00902pam 2200277 a 4504
001 E0751522756
005 20070301142125.62
008 030610s1987 njua 001 0 eng
010    @a86022680
020    @a013434135X (pbk.).
035    @a0580-56160
040    @aDLC@cDLC
050 00 @aQD42@b.B64 1987
090    @aP41/W72/1987
090    @aO6-44
099    @dO6-44@ex9=7
100 1  @aBoikess, Robert S.
245 10 @aHow to solve general chemistry problems.
250    @a7th ed. / :@bR.S. Boikess, C.H. Sorum.
260    @aEnglewood Cliffs, N.J. :@bPrentice-Hall,@cc1987.
300    @ax, 292 p. :@bill. ;@c23 cm.
500    @aRev. ed. of: How to solve general chemistry problems / C.H. Sorum. 6th ed. c1981.
500    @aIncludes index.
650  0 @aChemistry@xProblems, exercises, etc.
700 10 @aSorum, C. H.@q(Clarence Harvey),@d1899-
920    @a232010@z2
    
    How to solve general chemistry problems.-7th ed. / : : R.S. Boikess, C.H. Sorum.-Englewood Cliffs, N.J. : : Prentice-Hall, , c1987.
    x, 292 p. : : ill. ; ; 23 cm.
    Rev. ed. of: How to solve general chemistry problems / C.H. Sorum. 6th ed. c1981.-Includes index.
    
    ISBN 013434135X (pbk.).
    
●
相关链接 在E读中查询图书 在五车中查询图书 在当当中查询图书 在豆瓣中查询图书


正题名:How to solve general chemistry problems     索取号:O6-44/x9=7         预约/预借

序号 登录号 条形码 馆藏地/架位号 状态 备注
1 184026   000636823   第四借阅区/ [索取号:O6-44/x9=7] 在馆    
唐山师范学院图书馆 欢迎您!
大连网信软件有限公司© 版权所有